000 00605nam a2200205Ia 4500
003 GCL
008 140319s9999 xx 000 0 ara d
040 _aGCL /
_cGCL
082 0 4 _a939.44
_bت ح
100 1 _aميشال ابى فاضل
245 1 0 _aالحضارة الفينيقية فى اسبانية /
_cميشال ابى فاضل
700 1 _aتسركين، يولى بركوفيتش
700 1 _aيوسف ابى فاضل
300 _a376 ص
490 _a
650 0 4 _aلبنان القديم
650 0 4 _aالفنقيون
650 0 4 _aاسبانيا - تاريخ
942 _2ddc
_cBK
999 _c38875
_d38875